000 00468nam a2200181Ia 4500
001 10984
005 20260306161912.0
008 260306t2009||||xx |||||||||||||| ||spa||
041 _aESP
082 _a985
_bG79
100 _aGreenwich Centeno, Edwin Raúl
_eAUT
245 0 _aFrancisco Pizarro:
_bevidencias históricas y bioarqueológicas
260 _c2009
300 _a117 páginas :
_c21 cm.
650 _aGEN
654 _aCHU
942 _cLIB
_dJUS
_fJUS
_2ddc
_n
999 _c10984
_d10984